Sports Quiz

Random Sports or Basketball Quiz

All-NBA Team Players (2000s) Quiz Stats

 Plays Quiz Updated Nov 8, 2018

Support Sporcle.
Go Orange.
Score 0/150 Timer 08:00
17 Plays Today
Year and Team Player Name % Correct
2000-01 All NBA 2nd TeamKobe Bryant
99.1%
2001-02 All NBA 1st TeamKobe Bryant
99.1%
2002-03 All NBA 1st TeamKobe Bryant
99.1%
2003-04 All NBA 1st TeamKobe Bryant
99.1%
2004-05 All NBA 3rd TeamKobe Bryant
99.1%
2005-06 All NBA 1st TeamKobe Bryant
99.1%
2006-07 All NBA 1st TeamKobe Bryant
99.1%
2007-08 All NBA 1st TeamKobe Bryant
99.1%
2008-09 All NBA 1st TeamKobe Bryant
99.1%
2009-10 All NBA 1st TeamKobe Bryant
99.1%
2000-01 All NBA 1st TeamTim Duncan
98.2%
2001-02 All NBA 1st TeamTim Duncan
98.2%
2002-03 All NBA 1st TeamTim Duncan
98.2%
2003-04 All NBA 1st TeamTim Duncan
98.2%
2004-05 All NBA 1st TeamTim Duncan
98.2%
2005-06 All NBA 2nd TeamTim Duncan
98.2%
2006-07 All NBA 1st TeamTim Duncan
98.2%
2007-08 All NBA 2nd TeamTim Duncan
98.2%
2008-09 All NBA 2nd TeamTim Duncan
98.2%
2009-10 All NBA 3rd TeamTim Duncan
98.2%
2000-01 All NBA 1st TeamShaquille O'Neal
98.2%
2001-02 All NBA 1st TeamShaquille O'Neal
98.2%
2002-03 All NBA 1st TeamShaquille O'Neal
98.2%
2003-04 All NBA 1st TeamShaquille O'Neal
98.2%
2004-05 All NBA 1st TeamShaquille O'Neal
98.2%
2005-06 All NBA 1st TeamShaquille O'Neal
98.2%
2008-09 All NBA 3rd TeamShaquille O'Neal
98.2%
2004-05 All NBA 2nd TeamLeBron James
97.9%
2005-06 All NBA 1st TeamLeBron James
97.9%
2006-07 All NBA 2nd TeamLeBron James
97.9%
2007-08 All NBA 1st TeamLeBron James
97.9%
2008-09 All NBA 1st TeamLeBron James
97.9%
2009-10 All NBA 1st TeamLeBron James
97.9%
2000-01 All NBA 2nd TeamKevin Garnett
96.7%
2001-02 All NBA 2nd TeamKevin Garnett
96.7%
2002-03 All NBA 1st TeamKevin Garnett
96.7%
2003-04 All NBA 1st TeamKevin Garnett
96.7%
2004-05 All NBA 2nd TeamKevin Garnett
96.7%
2006-07 All NBA 3rd TeamKevin Garnett
96.7%
2007-08 All NBA 1st TeamKevin Garnett
96.7%
2001-02 All NBA 3rd TeamSteve Nash
96.7%
2002-03 All NBA 3rd TeamSteve Nash
96.7%
2004-05 All NBA 1st TeamSteve Nash
96.7%
2005-06 All NBA 1st TeamSteve Nash
96.7%
2006-07 All NBA 1st TeamSteve Nash
96.7%
2007-08 All NBA 2nd TeamSteve Nash
96.7%
2009-10 All NBA 2nd TeamSteve Nash
96.7%
2000-01 All NBA 1st TeamAllen Iverson
96.6%
2001-02 All NBA 2nd TeamAllen Iverson
96.6%
2002-03 All NBA 2nd TeamAllen Iverson
96.6%
Year and Team Player Name % Correct
2004-05 All NBA 1st TeamAllen Iverson
96.6%
2005-06 All NBA 3rd TeamAllen Iverson
96.6%
2004-05 All NBA 2nd TeamDwyane Wade
96%
2005-06 All NBA 2nd TeamDwyane Wade
96%
2006-07 All NBA 3rd TeamDwyane Wade
96%
2008-09 All NBA 1st TeamDwyane Wade
96%
2009-10 All NBA 1st TeamDwyane Wade
96%
2000-01 All NBA 3rd TeamDirk Nowitzki
95.9%
2001-02 All NBA 2nd TeamDirk Nowitzki
95.9%
2002-03 All NBA 2nd TeamDirk Nowitzki
95.9%
2003-04 All NBA 3rd TeamDirk Nowitzki
95.9%
2004-05 All NBA 1st TeamDirk Nowitzki
95.9%
2005-06 All NBA 1st TeamDirk Nowitzki
95.9%
2006-07 All NBA 1st TeamDirk Nowitzki
95.9%
2007-08 All NBA 2nd TeamDirk Nowitzki
95.9%
2008-09 All NBA 1st TeamDirk Nowitzki
95.9%
2009-10 All NBA 2nd TeamDirk Nowitzki
95.9%
2001-02 All NBA 3rd TeamJermaine O'Neal
94.5%
2002-03 All NBA 3rd TeamJermaine O'Neal
94.5%
2003-04 All NBA 2nd TeamJermaine O'Neal
94.5%
2001-02 All NBA 3rd TeamPaul Pierce
94.5%
2002-03 All NBA 3rd TeamPaul Pierce
94.5%
2007-08 All NBA 3rd TeamPaul Pierce
94.5%
2008-09 All NBA 2nd TeamPaul Pierce
94.5%
2006-07 All NBA 3rd TeamDwight Howard
94%
2007-08 All NBA 1st TeamDwight Howard
94%
2008-09 All NBA 1st TeamDwight Howard
94%
2009-10 All NBA 1st TeamDwight Howard
94%
2009-10 All NBA 1st TeamKevin Durant
93.3%
2007-08 All NBA 1st TeamChris Paul
91.7%
2008-09 All NBA 2nd TeamChris Paul
91.7%
2000-01 All NBA 1st TeamJason Kidd
91.6%
2001-02 All NBA 1st TeamJason Kidd
91.6%
2002-03 All NBA 2nd TeamJason Kidd
91.6%
2003-04 All NBA 1st TeamJason Kidd
91.6%
2005-06 All NBA 3rd TeamCarmelo Anthony
91.4%
2006-07 All NBA 3rd TeamCarmelo Anthony
91.4%
2008-09 All NBA 3rd TeamCarmelo Anthony
91.4%
2009-10 All NBA 2nd TeamCarmelo Anthony
91.4%
2000-01 All NBA 2nd TeamVince Carter
91.2%
2000-01 All NBA 2nd TeamTracy McGrady
90.5%
2001-02 All NBA 1st TeamTracy McGrady
90.5%
2002-03 All NBA 1st TeamTracy McGrady
90.5%
2003-04 All NBA 2nd TeamTracy McGrady
90.5%
2004-05 All NBA 3rd TeamTracy McGrady
90.5%
2006-07 All NBA 2nd TeamTracy McGrady
90.5%
2007-08 All NBA 3rd TeamTracy McGrady
90.5%
2008-09 All NBA 3rd TeamTony Parker
89.9%
2000-01 All NBA 3rd TeamRay Allen
89.1%
2004-05 All NBA 2nd TeamRay Allen
89.1%
Year and Team Player Name % Correct
2001-02 All NBA 3rd TeamBen Wallace
88.9%
2002-03 All NBA 2nd TeamBen Wallace
88.9%
2003-04 All NBA 2nd TeamBen Wallace
88.9%
2004-05 All NBA 3rd TeamBen Wallace
88.9%
2005-06 All NBA 2nd TeamBen Wallace
88.9%
2003-04 All NBA 3rd TeamYao Ming
88.8%
2005-06 All NBA 3rd TeamYao Ming
88.8%
2006-07 All NBA 2nd TeamYao Ming
88.8%
2007-08 All NBA 3rd TeamYao Ming
88.8%
2008-09 All NBA 2nd TeamYao Ming
88.8%
2004-05 All NBA 2nd TeamAmare Stoudemire
87.8%
2006-07 All NBA 1st TeamAmare Stoudemire
87.8%
2007-08 All NBA 2nd TeamAmare Stoudemire
87.8%
2009-10 All NBA 2nd TeamAmare Stoudemire
87.8%
2008-09 All NBA 3rd TeamPau Gasol
86.6%
2009-10 All NBA 3rd TeamPau Gasol
86.6%
2005-06 All NBA 2nd TeamChauncey Billups
85%
2006-07 All NBA 3rd TeamChauncey Billups
85%
2008-09 All NBA 3rd TeamChauncey Billups
85%
2000-01 All NBA 3rd TeamDavid Robinson
85%
2000-01 All NBA 1st TeamChris Webber
85%
2001-02 All NBA 2nd TeamChris Webber
85%
2002-03 All NBA 2nd TeamChris Webber
85%
2000-01 All NBA 3rd TeamKarl Malone
84.6%
2007-08 All NBA 2nd TeamDeron Williams
81.4%
2009-10 All NBA 2nd TeamDeron Williams
81.4%
2006-07 All NBA 2nd TeamChris Bosh
80.1%
2000-01 All NBA 3rd TeamGary Payton
80.1%
2001-02 All NBA 2nd TeamGary Payton
80.1%
2004-05 All NBA 3rd TeamGilbert Arenas
79.6%
2005-06 All NBA 3rd TeamGilbert Arenas
79.6%
2006-07 All NBA 2nd TeamGilbert Arenas
79.6%
2009-10 All NBA 3rd TeamJoe Johnson
78.8%
2007-08 All NBA 3rd TeamManu Ginobili
77.6%
2008-09 All NBA 2nd TeamBrandon Roy
72.8%
2009-10 All NBA 3rd TeamBrandon Roy
72.8%
2004-05 All NBA 3rd TeamShawn Marion
69.1%
2005-06 All NBA 3rd TeamShawn Marion
69.1%
2003-04 All NBA 3rd TeamMichael Redd
67.3%
2005-06 All NBA 2nd TeamElton Brand
63.3%
2007-08 All NBA 3rd TeamCarlos Boozer
61.3%
2003-04 All NBA 2nd TeamPeja Stojakovic
60.9%
2000-01 All NBA 2nd TeamDikembe Mutombo
58.5%
2001-02 All NBA 3rd TeamDikembe Mutombo
58.5%
2003-04 All NBA 3rd TeamBaron Davis
53.4%
2009-10 All NBA 3rd TeamAndrew Bogut
52.2%
2003-04 All NBA 3rd TeamRon Artest
51.4%
2002-03 All NBA 3rd TeamStephon Marbury
49.3%
2003-04 All NBA 2nd TeamSam Cassell
48.8%
2002-03 All NBA 3rd TeamJamal Mashburn
33.2%

You're not logged in!

Compare scores with friends on all Sporcle quizzes.
OR
Log In

From the Vault

'U' or 'V' Books by Cover

by livicj5

The untitled manuscript in your desk drawer won't count, since it probably doesn't have a cover yet.
Remove Ads.
Support Sporcle.
Get the best of Sporcle when you Go Orange. This ad-free experience offers more features, more stats, and more fun while also helping to support Sporcle. Thank you for becoming a member.

Show Comments

Extras

Top Quizzes Today


Score Distribution

Your Account Isn't Verified!

In order to create a playlist on Sporcle, you need to verify the email address you used during registration. Go to your Sporcle Settings to finish the process.

Report this User

Report this user for behavior that violates our Community Guidelines.

Details: